000 00609nam a2200241 a 4500
001 nice12345678
003 IN_TiNIC
005 20260116011845.0
008 050524s1963 phia grp 000 0 eng
020 _a
_c100
082 0 0 _a232.91
_bBUK
100 _aBuksbazen, Victor
245 _aMiriam, the Virgin of Nazareth.
260 _aPhiladelphia
_bSpearhead Press
_c1963
300 _a239p
500 _aincludes index and biblioraphy
505 2 _aappendix, bibliography and indexes.
650 _aMariology
700 1 _aBuksbazen, Victor
902 _bSRS
942 _cBK
999 _c4484
_d4484